Carnet descompte [Objecte] : 9 rutes modernistes a prop de Barcelona 9 rutes modernistes a prop de Barcelona
Descripción Física:
: il. col. ; 21 cm
MARC
| LEADER | 00000nam a2200000Ia 4500 | ||
|---|---|---|---|
| 001 | 21356 | ||
| 008 | 160829s2004 xx 000 0 cat d | ||
| 080 | |a NBM-3-3 | ||
| 245 | |a Carnet descompte [Objecte] : |b 9 rutes modernistes a prop de Barcelona | ||
| 260 | |a Barcelona : |b Diputació de Barcelona. Oficina de Promoció Turística, |c 2004 | ||
| 300 | |a : |b il. col. ; |c 21 cm | ||
| 590 | |a A la portada: Turisme Total | ||
| 710 | 1 | |a Barcelona (Catalunya : Província). |b Oficina de Promoció Turística |9 51402 | |
| 901 | |a Arxiu | ||
| 942 | |n 1 | ||
| 952 | |0 0 |1 0 |4 0 |6 NBM33 |7 1 |9 51916 |a Arxiu |b Arxiu |d 2016-12-01 |l 0 |o NBM-3-3 |p 21356 |r 2016-12-01 00:00:00 |w 2016-12-01 |y ARXIU | ||
| 999 | |c 55762 |d 55762 | ||